Accorder le personnages à sa prime -One Piece - Statistiques

Statistiques générales
  • Ce quiz a été pris 27 fois
  • Le résultat moyen est 14 sur 20
Statistiques - réponses
Hint Réponse % Correct
Shanks 4 048 000 000
91%
God Usopp 500 000 000
91%
Trafalgar.D.Water Law 3 000 000 000
86%
Baggy 3 189 000 000
82%
Vinsmoke Sanji 1 032 000 000
77%
Roronoa Zoro 1 111 000 000
77%
Loki 2 600 000 000
77%
Nami 366 000 000
73%
Brook 383 000 000
73%
Portgas.D.Ace 550 000
73%
Charlotte Smoothie 932 000 000
73%
Boa Hancock 1 659 000 000
68%
Marco 1 374 000 000
64%
Don Quichotte Doflamingo 340 000
64%
Mihawk 3 590 000 000
64%
Barbe Noire 3 996 000 000
64%
Charlotte Snack 600 000 000
64%
Nico Robin 930 000 000
59%
Chalotte Katakuri 1 057 000 000
55%
King 1 390 000 000
41%
Aucun quiz correspondant
Distribution des résultats
% des personnes avec chaque résultat
Percentile par nombre de réponses
Votre historique - résultats
Vous n’avez pas pris ce quiz